Επιστολές στους προγόνους μου
Αποθηκεύτηκε σε:
| Κύριος συγγραφέας: | |
|---|---|
| Μορφή: | Βιβλίο |
| Γλώσσα: | Greek |
| Δημοσίευση: |
Αθήνα :
Νέα Σύνορα,
1990.
|
| Σειρά: | Φιλοσοφία (Νέα Σύνορα)
|
| Θέματα: | |
| Ετικέτες: |
Προσθήκη ετικέτας
Δεν υπάρχουν, Καταχωρήστε ετικέτα πρώτοι!
|
MARC
| LEADER | 00000cam a2200000 i 4500 | ||
|---|---|---|---|
| 001 | 1/85203 | ||
| 008 | 960910s1990 gr | ||| |||| ||gre|| | ||
| 020 | |a 9602360666 | ||
| 035 | |a 1992 |b 1 |c Χιωτάκης |l 10034639 | ||
| 040 | |a GR-MY-UA |b gre |e aacr | ||
| 041 | 0 | |a gre | |
| 082 | 7 | |a 938.1 |2 (22) | |
| 100 | 1 | |a Κανελλόπουλος, Παναγιώτης Κ., |d 1902-1986. | |
| 245 | 1 | 0 | |a Επιστολές στους προγόνους μου / |c Παναγιώτη Κανελλόπουλου. |
| 260 | |a Αθήνα : |b Νέα Σύνορα, |c 1990. | ||
| 300 | |a 333 σ. ; |c 24 εκ. | ||
| 490 | 1 | |a (Φιλοσοφία / Νέα Σύνορα) | |
| 650 | 0 | 0 | |a History, Ancient. |
| 650 | 0 | 0 | |a Letter writing, Greek. |
| 651 | 0 | |a Greece |x History |y To 146 B.C. | |
| 651 | 0 | |a Greece |x Antiquities. | |
| 830 | 0 | |a Φιλοσοφία (Νέα Σύνορα) | |
| 852 | |a INST |b RHODES |e 19960910 |h 938.1 ΚΑΝ |p 005400008114 |q 005400008114 |t BK |y 0 | ||
| 909 | |a Ρ |b 022528 | ||
| 970 | |z 2000/07 | ||